[Event "DVM U20 2018"]
[Site "Osnabrück GER"]
[Date "2018.12.30"]
[Round "7"]
[White "Keller, Yannik"]
[Black "Rössel, Louis"]
[Result "1-0"]
[Termination "normal"]
[Board "7.2"]
[WhiteElo "1977"]
[BlackElo "1977"]
[WhiteTeam "SGes Bensheim"]
[BlackTeam "FVS ASP Hoyerswerda"]
[PlyCount "63"]
[WhiteFideId "12970204"]
[BlackFideId "12966398"]
[EventCountry "GER"]
[EventRounds "7"]
[EventType "team-swiss"]
[EventDate "2018.12.26"]

1. e4 c5 2. c3 d5 3. exd5 Nf6 4. Bb5+ Nbd7 5. c4 a6 6. Ba4 b5 7. cxb5 Nxd5 8.
Nc3 Nb4 9. Qf3 Nb6 10. Bb3 e6 11. Nh3 Nd3+ 12. Ke2 Ne5 13. Qe4 Qc7 14. d4 cxd4
15. Bf4 d3+ 16. Qxd3 Bb7 17. Qg3 Nbd7 18. Rhe1 Qc5 19. Kf1 Ng6 20. Be3 Qf5 21.
bxa6 Rxa6 22. Rad1 e5 23. Bc4 Rd6 24. Nb5 Rxd1 25. Rxd1 Be7 26. Bg5 h6 27. Bxe7
Kxe7 28. Qa3+ Kd8 29. Qa5+ Ke7 30. Qa3+ Kd8 31. f3 Qc2 32. Rxd7+ 1-0

[Event "DVM U20 2018"]
[Site "Osnabrück GER"]
[Date "2018.12.30"]
[Round "7"]
[White "Hassemeier, Mika"]
[Black "Kaiser, Frederic"]
[Result "1/2-1/2"]
[Termination "normal"]
[Board "7.3"]
[WhiteElo "1833"]
[BlackElo "1880"]
[WhiteTeam "FVS ASP Hoyerswerda"]
[BlackTeam "SGes Bensheim"]
[PlyCount "60"]
[WhiteFideId "12994880"]
[BlackFideId "16240618"]
[EventCountry "GER"]
[EventRounds "7"]
[EventType "team-swiss"]
[EventDate "2018.12.26"]

1. e4 e6 2. d4 d5 3. Nc3 Nf6 4. Bg5 Bb4 5. e5 h6 6. Bd2 Bxc3 7. bxc3 Ne4 8. Qg4
Kf8 9. h4 c5 10. Rh3 Nc6 11. Bd3 Nxd2 12. Kxd2 c4 13. Rg3 cxd3 14. Qxg7+ Ke7
15. Qf6+ Kd7 16. Qxf7+ Ne7 17. Rg6 Kc6 18. Rf6 Bd7 19. cxd3 Qe8 20. c4 Rd8 21.
Rc1 Qxf7 22. Rxf7 Nf5 23. Ne2 dxc4 24. Rxc4+ Kb6 25. g3 Rhf8 26. Rxf8 Rxf8 27.
Nc3 Bc6 28. Na4+ Bxa4 29. Rxa4 Ne7 30. Ke2 h5 1/2-1/2

[Event "DVM U20 2018"]
[Site "Osnabrück GER"]
[Date "2018.12.30"]
[Round "7"]
[White "Hennemann, Florian"]
[Black "Klinkhart, Thorbjörn"]
[Result "1-0"]
[Termination "normal"]
[Board "7.4"]
[WhiteElo "1869"]
[BlackElo "1912"]
[WhiteTeam "SGes Bensheim"]
[BlackTeam "FVS ASP Hoyerswerda"]
[PlyCount "57"]
[WhiteFideId "16272692"]
[BlackFideId "12966428"]
[EventCountry "GER"]
[EventRounds "7"]
[EventType "team-swiss"]
[EventDate "2018.12.26"]

1. e4 d6 2. d4 Nf6 3. Nc3 Nbd7 4. f4 e5 5. Nf3 exd4 6. Qxd4 Be7 7. h3 Nh5 8.
Qf2 c6 9. Bd2 Qb6 10. Qxb6 Nxb6 11. g4 Ng3 12. Rg1 Nxf1 13. Rxf1 h5 14. f5 hxg4
15. hxg4 Nc4 16. O-O-O Nxd2 17. Rxd2 b6 18. Rh2 Rxh2 19. Nxh2 Bf6 20. Rh1 Ba6
21. Nf3 Bxc3 22. Rh8+ Ke7 23. Rxa8 Be2 24. Rxa7+ Ke8 25. Ng5 Be5 26. Kd2 Bxg4
27. Nxf7 b5 28. Nxe5 dxe5 29. Rxg7 1-0

[Event "DVM U20 2018"]
[Site "Osnabrück GER"]
[Date "2018.12.30"]
[Round "7"]
[White "Laskow, Vincent"]
[Black "Pitz, Sebastian"]
[Result "1-0"]
[Termination "normal"]
[Board "7.5"]
[WhiteElo "1840"]
[BlackElo "1500"]
[WhiteTeam "FVS ASP Hoyerswerda"]
[BlackTeam "SGes Bensheim"]
[PlyCount "63"]
[WhiteFideId "12947652"]
[BlackFideId "16274806"]
[EventCountry "GER"]
[EventRounds "7"]
[EventType "team-swiss"]
[EventDate "2018.12.26"]

1. e4 c5 2. Nc3 Nc6 3. f4 g6 4. Nf3 Bg7 5. Bb5 d6 6. Bxc6+ bxc6 7. O-O Nf6 8.
d3 Bg4 9. Qe1 O-O 10. Qh4 Bxf3 11. Rxf3 e6 12. f5 Nh5 13. Qh3 Bd4+ 14. Kh1 d5
15. Bh6 Re8 16. Raf1 Re7 17. fxe6 fxe6 18. Bg5 Qd7 19. Bxe7 Qxe7 20. Nd1 Rb8
21. c3 Be5 22. exd5 cxd5 23. Re1 Nf4 24. Qg3 Nxd3 25. Rxe5 Nxe5 26. Qxe5 Rb6
27. h3 Qd7 28. b3 c4 29. b4 Rb7 30. Ne3 Qe8 31. Ng4 h5 32. Nf6+ 1-0

[Event "DVM U20 2018"]
[Site "Osnabrück GER"]
[Date "2018.12.30"]
[Round "7"]
[White "Simrock, Manuel"]
[Black "Wierick, Dennis"]
[Result "0-1"]
[Termination "normal"]
[Board "7.6"]
[WhiteElo "1146"]
[BlackElo "1455"]
[WhiteTeam "SGes Bensheim"]
[BlackTeam "FVS ASP Hoyerswerda"]
[PlyCount "70"]
[WhiteFideId "16274814"]
[BlackFideId "16274768"]
[EventCountry "GER"]
[EventRounds "7"]
[EventType "team-swiss"]
[EventDate "2018.12.26"]

1. d4 d5 2. c4 dxc4 3. e4 g6 4. Bxc4 Bg7 5. Be3 e6 6. Nc3 Ne7 7. Nge2 O-O 8.
O-O a6 9. a4 Nbc6 10. d5 exd5 11. exd5 Ne5 12. Ba2 Nf5 13. Nf4 Nxe3 14. fxe3
Re8 15. Nd3 Ng4 16. Qf3 Qf6 17. d6 Rxe3 18. Qxe3 Nxe3 19. Rxf6 Bxf6 20. Re1 Bd4
21. Ne2 Nc2+ 22. Nxd4 Nxe1 23. Nxe1 cxd6 24. Nef3 Bd7 25. Ng5 Rf8 26. a5 Bc6
27. Nxc6 bxc6 28. Bc4 h6 29. Nf3 Rb8 30. Bxa6 Rxb2 31. Nd4 c5 32. Nc6 Kf8 33.
Bb7 Rxb7 34. a6 Rb1+ 35. Kf2 Ra1 0-1

[Event "DVM U20 2018"]
[Site "Osnabrück GER"]
[Date "2018.12.30"]
[Round "7"]
[White "Browning, Alex"]
[Black "Wacker, Felix"]
[Result "1/2-1/2"]
[Termination "normal"]
[Board "8.1"]
[WhiteElo "2052"]
[BlackElo "1999"]
[WhiteTeam "Märkischer Springer Halver-Schalksmühle"]
[BlackTeam "SC 1997 Lambsheim"]
[PlyCount "109"]
[WhiteFideId "12984019"]
[BlackFideId "12953040"]
[EventCountry "GER"]
[EventRounds "7"]
[EventType "team-swiss"]
[EventDate "2018.12.26"]

1. e4 c5 2. Nf3 d6 3. d4 cxd4 4. Nxd4 Nf6 5. Nc3 a6 6. h3 e6 7. g4 Nfd7 8. Be3
b5 9. a3 Bb7 10. g5 Nb6 11. Qd2 N8d7 12. O-O-O Ne5 13. f4 Nec4 14. Qf2 Rc8 15.
Rg1 Qc7 16. Rg3 Nxe3 17. Qxe3 Nc4 18. Bxc4 Qxc4 19. f5 e5 20. Nb3 Qc7 21. Rg2
Be7 22. f6 gxf6 23. gxf6 Bxf6 24. Qh6 Be7 25. Qg7 Rf8 26. Qxh7 Qb6 27. Kb1 a5
28. Qf5 Rc4 29. Rgd2 a4 30. Nc1 b4 31. axb4 a3 32. N1a2 axb2 33. Nd5 Bxd5 34.
Rxd5 Rg8 35. Qf3 Qc7 36. c3 Rg6 37. b5 Rf6 38. Qe2 Ra4 39. Qxb2 Qb6 40. Nb4 Rf2
41. Qb3 Qa7 42. Nc2 Rxe4 43. b6 Qb7 44. Ra5 Bd8 45. Rxd6 Ree2 46. Rad5 Bc7 47.
Rh6 Rxc2 48. Rh8+ Ke7 49. Qb4+ Ke6 50. Rxe5+ Bxe5 51. Re8+ Kf6 52. Qh4+ Kg7 53.
Qg5+ Kh7 54. Qh5+ Kg7 55. Qg5+ 1/2-1/2

[Event "DVM U20 2018"]
[Site "Osnabrück GER"]
[Date "2018.12.30"]
[Round "7"]
[White "Mühlpfordt, Thomas"]
[Black "von Bargen, Lukas"]
[Result "1/2-1/2"]
[Termination "normal"]
[Board "8.2"]
[WhiteElo "1927"]
[BlackElo "1974"]
[WhiteTeam "SC 1997 Lambsheim"]
[BlackTeam "Märkischer Springer Halver-Schalksmühle"]
[PlyCount "111"]
[WhiteFideId "12986623"]
[BlackFideId "12946141"]
[EventCountry "GER"]
[EventRounds "7"]
[EventType "team-swiss"]
[EventDate "2018.12.26"]

1. e4 c5 2. Nf3 e6 3. d4 cxd4 4. Nxd4 a6 5. Be3 Nf6 6. Bd3 Qc7 7. f4 d6 8. O-O
Be7 9. Nc3 Nbd7 10. Qf3 O-O 11. Rae1 b5 12. a3 Bb7 13. Qg3 Nc5 14. e5 Nfe4 15.
Nxe4 Bxe4 16. Bxe4 Nxe4 17. Qf3 d5 18. Qg4 Bc5 19. c3 Rab8 20. Kh1 Bxd4 21.
cxd4 g6 22. f5 exf5 23. Qh4 Rbc8 24. Bh6 Qd8 25. Rxe4 dxe4 26. Bg5 Qxd4 27. Bf6
Rc6 28. h3 Rfc8 29. e6 Qd3 30. Qh6 Qxf1+ 31. Kh2 Qf4+ 32. Qxf4 Rxe6 33. Bc3 f6
34. Qe3 g5 35. g3 Rce8 36. h4 h6 37. hxg5 hxg5 38. Qe2 Kg7 39. Qe3 Kg6 40. Kg2
R8e7 41. Bb4 Re8 42. Kg1 Rd8 43. Qb3 Rc6 44. Ba5 Rdc8 45. Bd2 Rc4 46. Qe3 Rd8
47. Bc3 Rd3 48. Qb6 Rxg3+ 49. Kf2 Rf3+ 50. Kg2 Rfxc3 51. bxc3 Rxc3 52. Qd8 Rb3
53. Qe8+ Kg7 54. Qe7+ Kg6 55. Qe8+ Kg7 56. Qe7+ 1/2-1/2

[Event "DVM U20 2018"]
[Site "Osnabrück GER"]
[Date "2018.12.30"]
[Round "7"]
[White "Dalchow, Jonas"]
[Black "Kölz, Niklas"]
[Result "1/2-1/2"]
[Termination "normal"]
[Board "8.4"]
[WhiteElo "1747"]
[BlackElo "1778"]
[WhiteTeam "SC 1997 Lambsheim"]
[BlackTeam "Märkischer Springer Halver-Schalksmühle"]
[PlyCount "104"]
[WhiteFideId "12971251"]
[BlackFideId "12971758"]
[EventCountry "GER"]
[EventRounds "7"]
[EventType "team-swiss"]
[EventDate "2018.12.26"]

1. e4 c5 2. Nf3 e6 3. d4 cxd4 4. Nxd4 a6 5. Bd3 Bc5 6. Nb3 Ba7 7. O-O Nf6 8. e5
Nd5 9. Qg4 Kf8 10. N1d2 Nc6 11. Re1 Ndb4 12. Nc4 Nxd3 13. cxd3 Bb8 14. Re3 h5
15. Qf4 d5 16. exd6 b5 17. Rf3 f6 18. Qe4 bxc4 19. Qxc6 Ra7 20. Qxc4 Bxd6 21.
Bf4 Bxf4 22. Rxf4 Rc7 23. Qb4+ Kf7 24. Rc4 Re7 25. Qc3 Bb7 26. Rc1 Qd5 27. f3
Qg5 28. Kh1 h4 29. Rc7 Rhe8 30. Rxe7+ Rxe7 31. Qd2 Qh5 32. h3 Bxf3 33. gxf3
Qxf3+ 34. Qg2 Qxd3 35. Rg1 g5 36. Rf1 Rc7 37. Qf3 Qxf3+ 38. Rxf3 Rc2 39. Nd4
Rxb2 40. Ra3 Rb6 41. Nb3 f5 42. Nc5 e5 43. Rxa6 Rxa6 44. Nxa6 Ke6 45. Nb4 Kd6
46. a4 e4 47. Kg2 Kc5 48. a5 g4 49. a6 Kb6 50. hxg4 fxg4 51. Nd5+ Kxa6 52. Ne3
h3+ 1/2-1/2

[Event "DVM U20 2018"]
[Site "Osnabrück GER"]
[Date "2018.12.30"]
[Round "7"]
[White "Leonidas, Robert"]
[Black "Saive, Philipp"]
[Result "1-0"]
[Termination "normal"]
[Board "8.5"]
[WhiteElo "1362"]
[BlackElo "1715"]
[WhiteTeam "Märkischer Springer Halver-Schalksmühle"]
[BlackTeam "SC 1997 Lambsheim"]
[PlyCount "99"]
[WhiteFideId "16274776"]
[BlackFideId "16274792"]
[EventCountry "GER"]
[EventRounds "7"]
[EventType "team-swiss"]
[EventDate "2018.12.26"]

{[%evp 0,99,28,-2,-3,-44,4,15,21,9,15,13,7,17,28,28,16,-2,1,5,4,14,12,-8,32,5,
15,-4,-10,-3,-4,-12,-12,-14,4,0,0,-31,-24,-28,19,17,25,-1,-26,-21,125,115,123,
33,127,-28,0,-15,-22,-11,-12,-21,-41,-36,-19,-67,-31,-41,0,0,0,0,13,7,0,-1,9,
-38,-45,-32,-40,-63,-68,-103,-98,-102,-118,-101,-109,-116,-119,-156,-132,-144,
-82,-85,-73,-165,-120,-183,453,509,532,532,903,964]} 1. c4 Nf6 2. g3 g6 3. Bg2
Bg7 4. Nc3 O-O 5. Nf3 d5 6. cxd5 Nxd5 7. O-O Nc6 8. Qb3 Nb6 9. d3 Be6 10. Qd1
Qd7 11. Bf4 Rac8 12. Qd2 Bh3 13. Bh6 Bxg2 14. Kxg2 e5 15. Bxg7 Kxg7 16. Rac1
Rfe8 17. Ne4 Nd4 18. b3 Nxf3 19. Kxf3 f6 20. Kg2 Red8 21. Qb2 Nd5 22. Rc4 Ne7
23. f4 Qd5 24. Kg1 Nf5 25. Rf3 b5 26. Rc5 Qd4+ 27. Qxd4 Nxd4 28. Rf2 exf4 29.
gxf4 c6 30. Kf1 Ne6 31. Rc2 Rd4 32. f5 Ng5 33. Nxg5 fxg5 34. fxg6 Kxg6 35. Rc5
Rd5 36. b4 Rxc5 37. bxc5 Rd8 38. Rf3 Rd5 39. Re3 Rxc5 40. Re6+ Kf7 41. Rh6 Kg7
42. Rd6 a5 43. Rd4 Kg6 44. Ke1 Kf5 45. Kd2 h5 46. h3 a4 47. a3 Rd5 48. e4+ Ke5
49. exd5 c5 50. d6 1-0

[Event "DVM U20 2018"]
[Site "Osnabrück GER"]
[Date "2018.12.30"]
[Round "7"]
[White "Dalchow, Mario"]
[Black "Laufer, Maximilian"]
[Result "1/2-1/2"]
[Termination "normal"]
[Board "8.6"]
[WhiteElo "1621"]
[BlackElo "1479"]
[WhiteTeam "SC 1997 Lambsheim"]
[BlackTeam "Märkischer Springer Halver-Schalksmühle"]
[PlyCount "52"]
[WhiteFideId "12971421"]
[BlackFideId "16274784"]
[EventCountry "GER"]
[EventRounds "7"]
[EventType "team-swiss"]
[EventDate "2018.12.26"]

1. e4 c5 2. Nf3 d6 3. d4 cxd4 4. Nxd4 Nf6 5. Nc3 a6 6. Be3 e5 7. Nde2 Be6 8. f3
Be7 9. Qd2 Nbd7 10. O-O-O b5 11. g4 Nb6 12. Ng3 b4 13. Nb1 a5 14. Bb5+ Nfd7 15.
b3 Rc8 16. Qf2 O-O 17. Nf5 Bxf5 18. gxf5 Nc5 19. Rhg1 Qc7 20. Bh6 Bf6 21. Qg2
g6 22. Bxf8 Kxf8 23. fxg6 hxg6 24. Nd2 Bg5 25. Kb1 Nca4 26. Bxa4 Qxc2+ 1/2-1/2